Villes sur la Mer Méditerranée - Mort Subite - Statistiques

Statistiques générales
  • Ce quiz a été pris 1 791 fois
  • Le résultat moyen est 5 sur 38
Answers on the Grid
Answers color-coded by a green-red scale on the quiz's grid according to % correct below.
Barcelone
Alicante
Valence
Malaga
Gibraltar
Melilla
Oran
Alger
Tunis
Sfax
Tripoli
La Valette
Alexandrie
Port-Saïd
Gaza
Tel-Aviv
Haïfa
Beyrouth
Antalya
Izmir
Athènes
Thessalonique
Rhodes
Dubrovnik
Venise
Gênes
Naples
Bari
Ancône
Palerme
Cagliari
Ajaccio
Monaco
Cannes
Marseille
Sète
Tanger
Casablanca
Constantine
Nicosie
Le Caire
Suez
Jérusalem
Damas
Alep
Antioche
Sparte
Tirana
Podgorica
Sofia
Andorre-la-Vieille
La Mecque
Sarajevo
Zagreb
Ljubljana
Florence
Bologne
Vérone
Aix-en-Provence
Béziers
Perpignan
Nîmes
Gérone
Cadix
Lisbonne
Palma
Saragosse
Séville
Murcie
Rabat
La Rochelle
Split
 
Statistiques - réponses
Réponse % Correct
Marseille
30%
Monaco
27%
Cannes
25%
Ajaccio
23%
Alger
23%
Athènes
22%
Naples
22%
Barcelone
21%
Tunis
21%
Sète
18%
La Valette
17%
Beyrouth
15%
Gênes
14%
Valence
14%
Gibraltar
13%
Tripoli
13%
Venise
13%
Gaza
12%
Malaga
12%
Palerme
12%
Alexandrie
11%
Oran
11%
Rhodes
11%
Cagliari
10%
Dubrovnik
10%
Palma
10%
Tel-Aviv
10%
Alicante
9%
Bari
9%
Melilla
9%
Split
8%
Antalya
7%
Izmir
6%
Haïfa
5%
Thessalonique
5%
Port-Saïd
4%
Ancône
3%
Sfax
3%
Aucun quiz correspondant
Distribution des résultats
% des personnes avec chaque résultat
Percentile par nombre de réponses
Votre historique - résultats
Vous n’avez pas pris ce quiz